[Event "LSS No Engine Cup 126 Preliminary 0"]
[Site "LSS email"]
[Date "2015.02.28"]
[Round "?"]
[White "Mueller Toepler, Michael"]
[Black "Nyeste, Gyula"]
[Result "1-0"]
[WhiteElo "1836"]
[BlackElo "1176"]
[PlyCount "25"]
[EventDate "2015.03.01"]
[EventType "tourn (corr)"]
[EventRounds "6"]
[EventCountry "GER"]
[SourceTitle "Corr 2022"]
[Source "ChessBase"]
[SourceDate "2021.10.24"]
[SourceVersion "1"]
[SourceVersionDate "2021.10.24"]
[SourceQuality "1"]

1. e4 e5 2. Nf3 d6 3. Bc4 Nf6 4. Nc3 g6 5. Ng5 Be6 6. Bxe6 fxe6 7. Nxe6 Qe7 8. Nd5 Nxd5 9. exd5 Nd7 10. Nxc7+ Kf7 11. Nxa8 Nf6 12. 0-0 Bg7 13. d4 1-0

[Event "LSS No Engine Cup 126 Preliminary 0"]
[Site "LSS email"]
[Date "2015.02.28"]
[Round "?"]
[White "Nyeste, Gyula"]
[Black "Munoz Sanchez, Emilio Jose"]
[Result "0-1"]
[WhiteElo "1176"]
[BlackElo "1540"]
[PlyCount "28"]
[EventDate "2015.03.01"]
[EventType "tourn (corr)"]
[EventRounds "6"]
[EventCountry "GER"]
[SourceTitle "Corr 2022"]
[Source "ChessBase"]
[SourceDate "2021.10.24"]
[SourceVersion "1"]
[SourceVersionDate "2021.10.24"]
[SourceQuality "1"]

1. e3 e5 2. Bc4 Nf6 3. Nf3 Nc6 4. Ng5 d5 5. Bb3 h6 6. Nf3 Bg4 7. h3 Bh5 8. g4 Bg6 9. Nc3 d4 10. exd4 Nxd4 11. Ba4+ c6 12. 0-0 b5 13. Bb3 Nxb3 14. cxb3 Bd6 0-1

[Event "LSS No Engine Cup 119 Preliminary 1"]
[Site "LSS email"]
[Date "2014.10.16"]
[Round "?"]
[White "Shim Ng Min, Francis"]
[Black "Nyeste, Gyula"]
[Result "1-0"]
[WhiteElo "1109"]
[BlackElo "729"]
[PlyCount "39"]
[EventDate "2014.10.17"]
[EventType "tourn (corr)"]
[EventRounds "6"]
[EventCountry "GER"]
[SourceTitle "Corr 2015"]
[Source "ChessBase"]
[SourceDate "2015.07.17"]
[SourceVersion "1"]
[SourceVersionDate "2015.07.17"]
[SourceQuality "1"]

1. e4 e5 2. Nf3 d6 3. d4 Nc6 4. Bb5 Bd7 5. Nc3 a6 6. Bxc6 Bxc6 7. dxe5 dxe5 8. Qxd8+ Rxd8 9. Nxe5 Ne7 10. Bf4 Rc8 11. 0-0-0 g6 12. Nd5 Bxd5 13. exd5 Nf5 14. Rhe1 Be7 15. Nf3 0-0 16. g4 Nd6 17. Rxe7 b5 18. Rxc7 Rxc7 19. Bxd6 Rxc2+ 20. Kxc2 1-0

[Event "RN-2014-0-00851"]
[Site "LSS email"]
[Date "2014.10.03"]
[Round "?"]
[White "Neumann, Frank"]
[Black "Nyeste, Gyula"]
[Result "0-1"]
[WhiteElo "491"]
[BlackElo "729"]
[PlyCount "84"]
[EventDate "2014.09.22"]
[EventType "tourn (corr)"]
[EventRounds "6"]
[EventCountry "GER"]
[SourceTitle "Corr 2015"]
[Source "ChessBase"]
[SourceDate "2015.07.17"]
[SourceVersion "1"]
[SourceVersionDate "2015.07.17"]
[SourceQuality "1"]

1. b4 a5 2. b5 e6 3. a4 b6 4. e3 Bb7 5. Nf3 Qf6 6. Be2 Qxa1 7. Nc3 Bb4 8. 0-0 Bxc3 9. dxc3 Qxa4 10. Ne5 d6 11. Nf3 Nf6 12. Nd4 Ne4 13. Bd3 Nxc3 14. Qd2 Na2 15. Nb3 Nxc1 16. Qxc1 Qg4 17. f3 Qg5 18. Nd4 e5 19. Ne2 h5 20. e4 Qg6 21. Rf2 h4 22. Qe3 Nd7 23. f4 Nf6 24. f5 Qh5 25. Rf3 Ng4 26. Rh3 Nxe3 27. c4 Nxg2 28. Kxg2 0-0-0 29. Nc3 Qg5+ 30. Kh1 Qc1+ 31. Kg2 Qxc3 32. Bf1 Bxe4+ 33. Kf2 Qd4+ 34. Ke1 Bxf5 35. Rf3 Qa1+ 36. Kf2 Rh5 37. Be2 Rg5 38. Re3 Qg1+ 39. Kf3 Bg4+ 40. Ke4 Bxe2 41. Rxe2 Qd4+ 42. Kf3 Qf4# 0-1

[Event "SN-2014-0-00568"]
[Site "LSS email"]
[Date "2014.01.14"]
[Round "?"]
[White "Nyeste, Gyula"]
[Black "Van Esbroeck, Jeff"]
[Result "1-0"]
[WhiteElo "914"]
[BlackElo "706"]
[PlyCount "69"]
[EventDate "2013.12.31"]
[EventType "tourn (corr)"]
[EventRounds "6"]
[EventCountry "GER"]
[SourceTitle "Corr 2022"]
[Source "ChessBase"]
[SourceDate "2021.10.24"]
[SourceVersion "1"]
[SourceVersionDate "2021.10.24"]
[SourceQuality "1"]

1. e4 e5 2. Qf3 Nf6 3. Bc4 d5 4. exd5 c6 5. dxc6 Nxc6 6. Nh3 Bxh3 7. Qxh3 Be7 8. Qb3 0-0 9. d3 Nd4 10. Qc3 Bc5 11. 0-0 Ne2+ 12. Kh1 Nxc3 13. Nxc3 Ng4 14. g3 Qb6 15. Nd5 Qc6 16. Bg5 f6 17. Bd2 Kh8 18. Kg1 b5 19. Bb3 a5 20. a3 a4 21. Ba2 Bxf2+ 22. Kh1 Qc5 23. Bb4 Qxd5+ 24. Bxd5 Rad8 25. Bxf8 Rxf8 26. Be6 Nxh2 27. Kxh2 Bd4 28. c3 Bb6 29. Bd7 Be3 30. Bxb5 f5 31. Bxa4 g6 32. Rae1 f4 33. gxf4 exf4 34. Rxe3 Ra8 35. Re4 1-0

[Event "ZN-2013-0-02436"]
[Site "LSS email"]
[Date "2013.09.08"]
[Round "?"]
[White "Nyeste, Gyula"]
[Black "Simmons, Ernest"]
[Result "0-1"]
[WhiteElo "747"]
[BlackElo "605"]
[PlyCount "84"]
[EventDate "2013.09.05"]
[EventType "match (corr)"]
[EventRounds "2"]
[EventCountry "GER"]
[SourceTitle "Telechess CBM 167"]
[Source "ChessBase"]
[SourceDate "2015.07.13"]
[SourceVersion "1"]
[SourceVersionDate "2015.07.13"]
[SourceQuality "1"]

1. e4 c6 2. d3 d5 3. e5 Bf5 4. d4 Nd7 5. Nf3 c5 6. Bb5 a6 7. Ba4 b5 8. c3 bxa4 9. Qxa4 e6 10. h3 Bd3 11. Qd1 Bb5 12. a4 Bc6 13. 0-0 Ne7 14. Ng5 h6 15. Nf3 c4 16. Nbd2 a5 17. b3 Nb6 18. Bb2 Nf5 19. bxc4 dxc4 20. Qe2 Bd5 21. Rfb1 Nh4 22. Ne4 Be7 23. Nh2 0-0 24. Ng3 Bxg2 25. Qg4 Bc6 26. Nh5 g5 27. Bc1 Qd5 28. f3 Nxa4 29. Bd2 Ra6 30. Rf1 Rb8 31. f4 Qh1+ 32. Kf2 Qxh2+ 33. Ke1 Qg2 34. Qxg2 Nxg2+ 35. Kd1 Rab6 36. Ke2 Rb2 37. f5 Nxc3+ 38. Kf2 Rxd2+ 39. Kg1 Ne2+ 40. Kf2 Nxd4+ 41. Kg1 Ne2+ 42. Kf2 Bc5# 0-1

[Event "ZN-2013-0-02436"]
[Site "LSS email"]
[Date "2013.09.08"]
[Round "?"]
[White "Simmons, Ernest"]
[Black "Nyeste, Gyula"]
[Result "0-1"]
[WhiteElo "605"]
[BlackElo "747"]
[PlyCount "94"]
[EventDate "2013.09.05"]
[EventType "match (corr)"]
[EventRounds "2"]
[EventCountry "GER"]
[SourceTitle "Telechess CBM 167"]
[Source "ChessBase"]
[SourceDate "2015.07.13"]
[SourceVersion "1"]
[SourceVersionDate "2015.07.13"]
[SourceQuality "1"]

1. d4 Nf6 2. c4 c5 3. e3 e6 4. Nf3 Ne4 5. dxc5 Bxc5 6. Bd3 Nf6 7. 0-0 h6 8. Nc3 0-0 9. Bd2 Nc6 10. a3 a6 11. Na4 Bd6 12. c5 Bc7 13. Qc2 Qe7 14. b4 d6 15. Rfe1 d5 16. Bc3 e5 17. Be2 Bg4 18. Nb2 Qd7 19. h3 Bxh3 20. g3 Ne4 21. Bf1 Bf5 22. Nd3 b6 23. cxb6 Bxb6 24. Nfxe5 Qc7 25. f4 Nxg3 26. Bg2 Ne4 27. Bb2 Rac8 28. Rac1 Qd6 29. Qe2 Qe6 30. Rc2 Bh3 31. Bxh3 Qxh3 32. Qh2 Bxe3+ 33. Rxe3 Qe6 34. Qg2 f6 35. Qg4 f5 36. Qg2 d4 37. Ree2 Ne7 38. Bxd4 Nf6 39. Nd7 Qxd7 40. Rxc8 Qxd4+ 41. Nf2 Nxc8 42. Qf3 Nd6 43. Kh2 Nde4 44. Qb3+ Kh8 45. Nd3 Ng4+ 46. Kh3 Qg1 47. Qb2 Qg3# 0-1

[Event "BI-2012-F-00022"]
[Site "LSS email"]
[Date "2013.02.15"]
[Round "?"]
[White "Nyeste, Gyula"]
[Black "Jokmin, Guido"]
[Result "1-0"]
[WhiteElo "778"]
[BlackElo "697"]
[PlyCount "23"]
[EventDate "2013.02.20"]
[EventType "tourn (corr)"]
[EventRounds "10"]
[EventCountry "GER"]
[SourceTitle "Corr 2015"]
[Source "ChessBase"]
[SourceDate "2015.07.17"]
[SourceVersion "1"]
[SourceVersionDate "2015.07.17"]
[SourceQuality "1"]

1. e4 e5 2. Nf3 Nc6 3. c3 Nf6 4. Bb5 Nxe4 5. Bxc6 dxc6 6. Nxe5 Qf6 7. Nf3 Bc5 8. 0-0 0-0 9. d4 Rd8 10. Qe2 Re8 11. Bg5 Qd8 12. Bxd8 1-0

[Event "BI-2012-F-00022"]
[Site "LSS email"]
[Date "2013.02.15"]
[Round "?"]
[White "Nyeste, Gyula"]
[Black "Leonov, Aleksandr"]
[Result "1-0"]
[WhiteElo "778"]
[BlackElo "1037"]
[PlyCount "115"]
[EventDate "2013.02.20"]
[EventType "tourn (corr)"]
[EventRounds "10"]
[EventCountry "GER"]
[SourceTitle "Telechess CBM 161"]
[Source "ChessBase"]
[SourceDate "2014.07.16"]
[SourceVersion "1"]
[SourceVersionDate "2014.07.16"]
[SourceQuality "1"]

1. e4 e5 2. Nc3 Nf6 3. Nf3 d6 4. d4 c6 5. Bc4 Be7 6. dxe5 dxe5 7. Qxd8+ Bxd8 8. Ng5 0-0 9. Be3 b5 10. Bb3 Ng4 11. Bc5 Bxg5 12. Bxf8 Kxf8 13. 0-0 Nd7 14. Ne2 Nc5 15. a3 Nxb3 16. cxb3 Be6 17. b4 Bc4 18. Rfe1 Bd2 19. Red1 Rd8 20. Nc3 Bb3 21. Rf1 Nf6 22. f3 Nh5 23. Ne2 Be3+ 24. Kh1 Bc4 25. Rfe1 Bxe2 26. Rxe2 Bd4 27. Rd1 Nf4 28. Rc2 Ne6 29. b3 Rd6 30. a4 a6 31. a5 Ke7 32. g3 Ng5 33. Kg2 g6 34. h4 Ne6 35. Kh3 f5 36. exf5 gxf5 37. g4 Nf4+ 38. Kg3 fxg4 39. fxg4 Rg6 40. g5 h5 41. Kf3 Nd5 42. Kg3 Nxb4 43. Re2 c5 44. Kf3 Kd6 45. Ke4 Ke6 46. Kf3 c4 47. bxc4 bxc4 48. Rxd4 Nc6 49. Rxc4 Nxa5 50. Ra4 Nb3 51. Rxa6+ Kf5 52. Rxg6 Nd4+ 53. Kf2 Kxg6 54. Rxe5 Nf5 55. Re6+ Kh7 56. Re4 Kg6 57. Ra4 Ne7 58. Kf3 1-0

[Event "BI-2012-F-00022"]
[Site "LSS email"]
[Date "2013.02.15"]
[Round "?"]
[White "Nyeste, Gyula"]
[Black "Trevis, Robert R"]
[Result "0-1"]
[WhiteElo "778"]
[BlackElo "1028"]
[PlyCount "40"]
[EventDate "2013.02.20"]
[EventType "tourn (corr)"]
[EventRounds "10"]
[EventCountry "GER"]
[SourceTitle "Telechess CBM 161"]
[Source "ChessBase"]
[SourceDate "2014.07.16"]
[SourceVersion "1"]
[SourceVersionDate "2014.07.16"]
[SourceQuality "1"]

1. e4 e5 2. Nf3 Nc6 3. Bb5 a6 4. 0-0 axb5 5. Nc3 b4 6. Na4 Rxa4 7. b3 Ra5 8. c3 Nf6 9. c4 Nxe4 10. d3 Nc3 11. Qc2 d5 12. Bd2 Ne2+ 13. Kh1 Ned4 14. Qd1 Be7 15. Nxd4 Nxd4 16. Re1 dxc4 17. Rxe5 Rxe5 18. Bf4 Rf5 19. Bg3 c3 20. Qe1 Nc2 0-1

[Event "BI-2012-F-00022"]
[Site "LSS email"]
[Date "2013.02.15"]
[Round "?"]
[White "Verich, Oleg"]
[Black "Nyeste, Gyula"]
[Result "1-0"]
[WhiteElo "1077"]
[BlackElo "778"]
[PlyCount "87"]
[EventDate "2013.02.20"]
[EventType "tourn (corr)"]
[EventRounds "10"]
[EventCountry "GER"]
[SourceTitle "Telechess CBM 161"]
[Source "ChessBase"]
[SourceDate "2014.07.16"]
[SourceVersion "1"]
[SourceVersionDate "2014.07.16"]
[SourceQuality "1"]

1. Nf3 g6 2. d4 Bg7 3. e4 d6 4. Be3 c6 5. c3 Qb6 6. Qb3 Qxb3 7. axb3 Nf6 8. Nbd2 0-0 9. Bd3 Bg4 10. h3 Bxf3 11. Nxf3 b5 12. 0-0 Nbd7 13. Ra6 Rfc8 14. Rfa1 Rc7 15. c4 bxc4 16. bxc4 d5 17. cxd5 cxd5 18. e5 Ne8 19. Rc1 Rb7 20. Rca1 Nb8 21. R6a2 Nc6 22. Bd2 Rab8 23. Bc3 Nb4 24. Bxb4 Rxb4 25. Rxa7 Rxb2 26. Ra8 Kf8 27. Rxb8 Rxb8 28. Ra5 e6 29. Ra7 Bh6 30. h4 Bc1 31. h5 Ng7 32. hxg6 hxg6 33. Rc7 Bb2 34. Ng5 Bxd4 35. Rxf7+ Kg8 36. Rf6 Bxe5 37. Rxg6 Rc8 38. g3 Rc6 39. Bb5 Rb6 40. Bd7 d4 41. f4 Bd6 42. Bxe6+ Kf8 43. Bc4 Nf5 44. Rf6+ 1-0

[Event "SN-2012-0-00476"]
[Site "LSS email"]
[Date "2012.12.12"]
[Round "?"]
[White "Lombardi, Donato"]
[Black "Nyeste, Gyula"]
[Result "1-0"]
[WhiteElo "926"]
[BlackElo "778"]
[PlyCount "79"]
[EventDate "2012.11.23"]
[EventType "tourn (corr)"]
[EventRounds "6"]
[EventCountry "GER"]
[SourceTitle "Telechess CBM 161"]
[Source "ChessBase"]
[SourceDate "2014.07.16"]
[SourceVersion "1"]
[SourceVersionDate "2014.07.16"]
[SourceQuality "1"]

1. e4 e5 2. Nf3 Nc6 3. d4 d6 4. dxe5 dxe5 5. Qxd8+ Nxd8 6. Nxe5 h6 7. Bc4 Be6 8. Nd2 Nf6 9. 0-0 Bd6 10. Nef3 0-0 11. e5 Bxe5 12. Nxe5 Bf5 13. c3 c6 14. h3 b5 15. Bb3 a5 16. Bd1 a4 17. Bf3 Rc8 18. Re1 c5 19. Ne4 Bxe4 20. Bxe4 Nxe4 21. Rxe4 Re8 22. Re3 Ne6 23. Nf3 Red8 24. Re1 c4 25. Be3 Re8 26. Nd4 Nc7 27. Bf4 Nd5 28. Bd2 Red8 29. Nxb5 Nb6 30. Be3 Nd5 31. Bd4 Nf4 32. Be5 Nd3 33. Re2 Rd5 34. Nc7 Rxe5 35. Rxe5 Nxe5 36. Nd5 Rb8 37. Rb1 Nd3 38. a3 g5 39. Nb4 Kg7 40. Nxd3 1-0

[Event "SN-2012-0-00476"]
[Site "LSS email"]
[Date "2012.12.12"]
[Round "?"]
[White "Nyeste, Gyula"]
[Black "Semenov, Zhenya"]
[Result "1-0"]
[WhiteElo "778"]
[BlackElo "889"]
[PlyCount "53"]
[EventDate "2012.11.23"]
[EventType "tourn (corr)"]
[EventRounds "6"]
[EventCountry "GER"]
[SourceTitle "Telechess CBM 161"]
[Source "ChessBase"]
[SourceDate "2014.07.16"]
[SourceVersion "1"]
[SourceVersionDate "2014.07.16"]
[SourceQuality "1"]

1. Nf3 b6 2. g3 Bb7 3. Bg2 g6 4. 0-0 Bg7 5. d3 e6 6. c3 Ne7 7. Bg5 f6 8. Be3 0-0 9. Qd2 d5 10. Nd4 Qd7 11. a3 c5 12. Nc2 e5 13. Bh6 Nf5 14. Bxg7 Kxg7 15. Bh3 Bc8 16. f4 Qd6 17. d4 exd4 18. cxd4 Nxd4 19. Bxc8 Rxc8 20. Nxd4 cxd4 21. Qxd4 Qc5 22. Qxc5 bxc5 23. Nc3 Rd8 24. Nb5 Na6 25. a4 Nb4 26. Nc7 Nc2 27. Rac1 1-0

[Event "CP-2012-P-00007"]
[Site "LSS email"]
[Date "2012.10.01"]
[Round "?"]
[White "Florea, Valentin Mihail"]
[Black "Nyeste, Gyula"]
[Result "1-0"]
[WhiteElo "2183"]
[BlackElo "778"]
[PlyCount "49"]
[EventDate "2012.10.05"]
[EventType "tourn (corr)"]
[EventRounds "6"]
[EventCountry "GER"]
[SourceTitle "Telechess CBM 161"]
[Source "ChessBase"]
[SourceDate "2014.07.16"]
[SourceVersion "1"]
[SourceVersionDate "2014.07.16"]
[SourceQuality "1"]

1. e4 e5 2. Nf3 d6 3. d4 exd4 4. Nxd4 Nf6 5. Nc3 g6 6. Be3 Bg7 7. Qd2 0-0 8. 0-0-0 c6 9. f3 c5 10. Ndb5 Ne8 11. Bxc5 Nf6 12. Bxd6 Re8 13. Nc7 Bd7 14. Nxa8 Na6 15. Bxa6 Qxa8 16. Bc4 a5 17. e5 Nh5 18. g4 Bxe5 19. Bxe5 Qc8 20. Qxd7 Qxd7 21. Rxd7 Rxe5 22. Rxf7 Kh8 23. gxh5 Rxh5 24. Re1 Kg8 25. Re8# 1-0

[Event "CP-2012-P-00007"]
[Site "LSS email"]
[Date "2012.10.01"]
[Round "?"]
[White "Tortosa, Horacio"]
[Black "Nyeste, Gyula"]
[Result "1-0"]
[WhiteElo "1724"]
[BlackElo "778"]
[PlyCount "55"]
[EventDate "2012.10.05"]
[EventType "tourn (corr)"]
[EventRounds "6"]
[EventCountry "GER"]
[SourceTitle "Telechess CBM 161"]
[Source "ChessBase"]
[SourceDate "2014.07.16"]
[SourceVersion "1"]
[SourceVersionDate "2014.07.16"]
[SourceQuality "1"]

1. e4 d6 2. d4 g6 3. Nc3 Bg7 4. Be3 c6 5. Qd2 Qc7 6. f4 Nf6 7. Nf3 0-0 8. h3 a6 9. Bd3 Bd7 10. g4 e6 11. 0-0-0 b5 12. Qf2 Qa5 13. Kb1 b4 14. Ne2 c5 15. dxc5 dxc5 16. g5 Ne8 17. Bxc5 Nd6 18. Bxd6 Rc8 19. h4 Rc6 20. Be5 Bxe5 21. Nxe5 Rc7 22. h5 Ba4 23. hxg6 fxg6 24. Ng4 Nc6 25. Nf6+ Kg7 26. Rxh7+ Kf8 27. Rh8+ Kf7 28. Rxa8 1-0

[Event "SN-2012-0-00456"]
[Site "LSS email"]
[Date "2012.08.26"]
[Round "?"]
[White "Briceno Ochoa, Jose Antonio"]
[Black "Nyeste, Gyula"]
[Result "1-0"]
[WhiteElo "1020"]
[BlackElo "778"]
[PlyCount "117"]
[EventDate "2012.08.02"]
[EventType "tourn (corr)"]
[EventRounds "6"]
[EventCountry "GER"]
[SourceTitle "Telechess CBM 161"]
[Source "ChessBase"]
[SourceDate "2014.07.16"]
[SourceVersion "1"]
[SourceVersionDate "2014.07.16"]
[SourceQuality "1"]

1. Nf3 g6 2. g3 Bg7 3. Bg2 e6 4. 0-0 Nf6 5. d3 0-0 6. Bg5 d6 7. Bxf6 Bxf6 8. c3 c6 9. Nbd2 Bd7 10. Qb3 Qc7 11. Ne4 Bg7 12. Qb4 d5 13. Nd6 a5 14. Qxb7 Na6 15. Qxc7 Nxc7 16. Nb7 Ra7 17. Nc5 Rd8 18. Nxd7 Rxd7 19. Rfd1 Rb7 20. Rab1 Rb8 21. Nd2 Ne8 22. Nb3 a4 23. Nc5 Ra7 24. d4 Nd6 25. e4 Nc4 26. b3 Na3 27. Rb2 Nb5 28. Rc1 a3 29. Re2 h5 30. exd5 cxd5 31. Nd3 Rc8 32. c4 Nxd4 33. Ree1 dxc4 34. bxc4 Nf5 35. Ne5 Bxe5 36. Rxe5 Ra4 37. c5 Rb4 38. Bf1 h4 39. Bc4 Nd4 40. Re3 Rxc5 41. Rec3 hxg3 42. fxg3 Rb2 43. Bf1 Rh5 44. h4 Rxa2 45. Bc4 Rc5 46. Kf1 Rf5+ 47. Ke1 Nf3+ 48. Rxf3 Re5+ 49. Kd1 Rh2 50. Rxa3 Rh1+ 51. Kc2 Rh2+ 52. Kb1 Kg7 53. Ra2 Rh3 54. Rg2 Kf6 55. Rf1+ Ke7 56. Rd1 Rc5 57. Be2 Kf6 58. Bg4 Rb5+ 59. Ka2 1-0

[Event "SN-2012-0-00456"]
[Site "LSS email"]
[Date "2012.08.26"]
[Round "?"]
[White "Nyeste, Gyula"]
[Black "Kaupat, Lothar"]
[Result "1/2-1/2"]
[WhiteElo "778"]
[BlackElo "829"]
[PlyCount "42"]
[EventDate "2012.08.02"]
[EventType "tourn (corr)"]
[EventRounds "6"]
[EventCountry "GER"]
[SourceTitle "Telechess CBM 161"]
[Source "ChessBase"]
[SourceDate "2014.07.16"]
[SourceVersion "1"]
[SourceVersionDate "2014.07.16"]
[SourceQuality "1"]

1. e4 e6 2. Nf3 d5 3. e5 c5 4. c3 Nc6 5. Bb5 Bd7 6. Bxc6 Bxc6 7. 0-0 Nh6 8. h3 Nf5 9. d4 cxd4 10. cxd4 Qb6 11. Nc3 Be7 12. b3 0-0 13. Bg5 Bxg5 14. Nxg5 Qxd4 15. Qe1 Qb6 16. Rc1 Rac8 17. Kh1 h6 18. Nf3 Rfd8 19. Nd2 d4 20. Ne2 Bb5 21. Rg1 Bxe2 1/2-1/2

[Event "RN-2012-0-00496"]
[Site "LSS email"]
[Date "2012.06.23"]
[Round "?"]
[White "Nyeste, Gyula"]
[Black "Bester, Kazimierz"]
[Result "1-0"]
[WhiteElo "875"]
[BlackElo "615"]
[PlyCount "94"]
[EventDate "2012.06.12"]
[EventType "tourn (corr)"]
[EventRounds "6"]
[EventCountry "GER"]
[SourceTitle "Telechess CBM 155"]
[Source "ChessBase"]
[SourceDate "2013.07.16"]
[SourceVersion "1"]
[SourceVersionDate "2013.07.16"]
[SourceQuality "1"]

1. e4 d5 2. e5 Nd7 3. d4 Nb6 4. Nf3 Bg4 5. Bb5+ c6 6. Be2 Qc7 7. Bf4 e6 8. Nh4 Bxe2 9. Qxe2 0-0-0 10. a4 Nc4 11. c3 Ne7 12. b3 Nb6 13. a5 Na8 14. b4 h6 15. Bg3 g5 16. Nf3 Ng6 17. a6 b6 18. Na3 b5 19. 0-0 Nb6 20. Qa2 Na4 21. Rfc1 Ne7 22. Qd2 Nf5 23. Nc2 Nb6 24. Nce1 Nc4 25. Qd3 Nxg3 26. fxg3 Bg7 27. g4 Qb6 28. h3 Bxe5 29. Nxe5 Nxe5 30. Qf1 Nc4 31. Qxf7 Rde8 32. Nf3 e5 33. Re1 e4 34. Qf5+ Kb8 35. Nh2 Ref8 36. Qg6 Nd2 37. Re2 Nc4 38. Qh5 Qc7 39. Nf1 Qd6 40. Ne3 Nb6 41. Nf5 Qe6 42. Rf1 Nd7 43. Ref2 e3 44. Re2 Nf6 45. Qg6 Ne4 46. Qxe6 Rf6 47. Qd7 Nd6 1-0

[Event "BI-2012-P-00007"]
[Site "LSS email"]
[Date "2012.04.20"]
[Round "?"]
[White "Nyeste, Gyula"]
[Black "De Waele, Willy"]
[Result "0-1"]
[WhiteElo "862"]
[BlackElo "1990"]
[PlyCount "26"]
[EventDate "2012.04.22"]
[EventType "tourn (corr)"]
[EventRounds "10"]
[EventCountry "GER"]
[SourceTitle "Corr 2015"]
[Source "ChessBase"]
[SourceDate "2015.07.17"]
[SourceVersion "1"]
[SourceVersionDate "2015.07.17"]
[SourceQuality "1"]

1. e4 c5 2. Nf3 d6 3. c3 Nf6 4. Qc2 Qc7 5. Bc4 Bg4 6. Nh4 d5 7. exd5 Qe5+ 8. Kf1 Qh5 9. g3 Bh3+ 10. Kg1 Nxd5 11. Qe4 Qd1+ 12. Qe1 Qxe1+ 13. Bf1 Qxf1# 0-1

[Event "RN-2012-0-00450"]
[Site "LSS email"]
[Date "2012.02.13"]
[Round "?"]
[White "Nyeste, Gyula"]
[Black "Cherry, Brian"]
[Result "1-0"]
[WhiteElo "893"]
[BlackElo "731"]
[PlyCount "33"]
[EventDate "2012.01.31"]
[EventType "tourn (corr)"]
[EventRounds "6"]
[EventCountry "GER"]
[SourceTitle "Corr 2015"]
[Source "ChessBase"]
[SourceDate "2015.07.17"]
[SourceVersion "1"]
[SourceVersionDate "2015.07.17"]
[SourceQuality "1"]

1. e4 e5 2. Bc4 Nf6 3. d3 Bc5 4. Nf3 d5 5. exd5 Nxd5 6. 0-0 Bg4 7. Re1 Nc6 8. Nxe5 Bxd1 9. Nxc6+ Ne7 10. Nxd8 Bxc2 11. Nxb7 Bb6 12. Bd5 Rc8 13. Bf3 Bxd3 14. Nc3 f6 15. Nd5 0-0 16. Nxe7+ Kh8 17. Nxc8 1-0